书目信息 |
| 题名: |
大东北
|
|
| 作者: | 吕涛 , 柳巧为 主编 ;中央广播电视总台 编著 | |
| 分册: | ||
| 出版信息: | 沈阳 辽宁人民出版社 2025.04 |
|
| 页数: | 391页 | |
| 开本: | 27cm | |
| 丛书名: | ||
| 单 册: | ||
| 中图分类: | K293 | |
| 科图分类: | ||
| 主题词: | ||
| 电子资源: | ||
| ISBN: | 978-7-205-11533-3 | |
| 000 | 01065nam0 2200265 450 | |
| 001 | 013635025 | |
| 005 | 20251022202136.82 | |
| 010 | @a978-7-205-11533-3@dCNY168.00 | |
| 100 | @a20250531d2025 em y0chiy0120 ea | |
| 101 | 0 | @achi |
| 102 | @aCN@b210000 | |
| 105 | @aa z 000yy | |
| 106 | @ar | |
| 200 | 1 | @a大东北@9da dong bei@f中央广播电视总台《大东北》节目组编著 |
| 210 | @a沈阳@c辽宁人民出版社@d2025.04 | |
| 215 | @a391页@c彩图,照片@d27cm | |
| 300 | @a中央广播电视总台十集大型电视纪录片 | |
| 330 | @a本书以中央广播电视总台在2024年底推出的十集纪录片《大东北》为蓝本,忠实呈现纪录片的核心内容,涵盖东北的历史变迁、文化传承、经济发展、生态保护等多个方面,并从中共中央、国务院的新时代东北全面振兴战略切入,展现东北在新时代扛起“五大安全”重要使命的雄心。 | |
| 607 | @a东北地区@x地方史 | |
| 690 | @aK293@v5 | |
| 701 | 0 | @a吕涛@9lv tao@4主编 |
| 701 | 0 | @a柳巧为@9liu qiao wei@4主编 |
| 712 | 02 | @a中央广播电视总台@9zhong yang guang bo dian shi zong tai@b《大东北》节目组@4编著 |
| 801 | 0 | @aCN@c20250910 |
| 905 | @a河南城建学院图书馆@dK293@eL898@ZL898@f1 | |
| 大东北/中央广播电视总台《大东北》节目组编著.-沈阳:辽宁人民出版社,2025.04 |
| 391页:彩图,照片;27cm |
| 中央广播电视总台十集大型电视纪录片 |
| ISBN 978-7-205-11533-3:CNY168.00 |
| 本书以中央广播电视总台在2024年底推出的十集纪录片《大东北》为蓝本,忠实呈现纪录片的核心内容,涵盖东北的历史变迁、文化传承、经济发展、生态保护等多个方面,并从中共中央、国务院的新时代东北全面振兴战略切入,展现东北在新时代扛起“五大安全”重要使命的雄心。 |
| ● |
| 相关链接 |
|
|
|
正题名:大东北
索取号:K293/L898
 
预约/预借
| 序号 | 登录号 | 条形码 | 馆藏地/架位号 | 状态 | 备注 |
| 1 | 1634559 | 216345596 | 社科库309/309社科库 38排5列4层/ [索取号:K293/L898] | 在馆 |